000 00921 a2200193 4500
003 NUST
005 20251121143250.0
040 _cNust
082 _a621.382,SAR
100 _aSarwar , NC Sajjad (TCC-17A)
_9131981
245 _aWideband tactical packet Radio /
_cNC Sajjad Sarwar, NC Saba Irshad, PC Anum Aftab and NC Hammad Kabir
260 _aRawalpindi
_bMCS (NUST)
_c2009
300 _a69 p.;
505 _aIntroduction (Page-1), Universal Software Radio Peripheral (USRP) (Page-6), GNU Radio Installation (Page-13), GNU Radio Companion (Page-20), Single Carrier Physical Layer Design (Page-24), Multi-Carrier (OFDM) Physical Layer Design (Page-39), Data Link Layer (Page-50),Encryption (Page-530, Virtual Ethernet adapter (VEA) (Page-62), References (Page-68).
650 _aUG Projects
_998716
651 _aTCC-17A
_9131971
700 _aSupervised by Maj Dr. Adnan Rashdi
_9131982
942 _cPR
_2ddc
999 _c183909
_d183909